[Event "Gibtelecom ChallWk2 3rd"]
[Site "Gibraltar"]
[Date "2005.02.03"]
[Round "5.4"]
[White "Gravett, Alan D"]
[Black "Gonzalez Amaya, Millan"]
[Result "1/2-1/2"]
[WhiteElo "1750"]
[BlackElo "1705"]
[PlyCount "65"]
[EventDate "2005.01.30"]
[EventType "swiss"]
[EventRounds "5"]
[EventCountry "GGB"]
[SourceTitle "BritBase"]
[Source "www.saund.co.uk"]
[SourceDate "2018.02.10"]
[SourceVersion "1"]
[SourceVersionDate "2018.02.10"]
[SourceQuality "1"]

1. g3 Nf6 2. Bg2 g6 3. e4 d6 4. d4 Bg7 5. Ne2 O-O 6. O-O Nbd7 7. a4 c5 8. Nbc3
cxd4 9. Nxd4 a6 10. a5 Ne5 11. b3 Bd7 12. Bb2 Rc8 13. Qd2 Rc5 14. Rfd1 Rxa5 15.
Rxa5 Qxa5 16. Nd5 Qd8 17. f4 Nxd5 18. fxe5 dxe5 19. exd5 exd4 20. Bxd4 Bxd4+
21. Qxd4 Bc8 22. Qc5 Qd6 23. Qd4 b6 24. c4 Rd8 25. Bf3 Qc5 26. Qxc5 bxc5 27.
Re1 Kf8 28. Kf2 Rd6 29. Ra1 Rb6 30. Bd1 e6 31. Ra5 exd5 32. Rxc5 Bb7 33. cxd5
1/2-1/2

[Event "Gibtelecom ChallWk2 3rd"]
[Site "Gibraltar"]
[Date "2005.02.03"]
[Round "5.5"]
[White "Garriga Marrodan, Enrique"]
[Black "Slimani, Abderezzak"]
[Result "0-1"]
[WhiteElo "1915"]
[BlackElo "1802"]
[PlyCount "42"]
[EventDate "2005.01.30"]
[EventType "swiss"]
[EventRounds "5"]
[EventCountry "GGB"]
[SourceTitle "BritBase"]
[Source "www.saund.co.uk"]
[SourceDate "2018.02.10"]
[SourceVersion "1"]
[SourceVersionDate "2018.02.10"]
[SourceQuality "1"]

1. d4 c5 2. e3 cxd4 3. exd4 e6 4. Nf3 Nf6 5. c3 b6 6. Nbd2 Bb7 7. Bd3 Be7 8.
O-O O-O 9. Re1 d6 10. Nf1 Nbd7 11. Bg5 Qc7 12. Ng3 h6 13. Bd2 Rad8 14. Nf5 Rfe8
15. Nxe7+ Rxe7 16. Bc2 e5 17. dxe5 dxe5 18. Nd4 Nf8 19. Nf5 Red7 20. Re2 Ba6
21. c4 Bxc4 0-1

[Event "Gibtelecom ChallWk2 3rd"]
[Site "Gibraltar"]
[Date "2005.02.03"]
[Round "5.6"]
[White "Elamri, Laila"]
[Black "Manetto, Luis"]
[Result "0-1"]
[WhiteElo "1532"]
[BlackElo "1585"]
[PlyCount "82"]
[EventDate "2005.01.30"]
[EventType "swiss"]
[EventRounds "5"]
[EventCountry "GGB"]
[SourceTitle "BritBase"]
[Source "www.saund.co.uk"]
[SourceDate "2018.02.10"]
[SourceVersion "1"]
[SourceVersionDate "2018.02.10"]
[SourceQuality "1"]

1. e4 c5 2. Nc3 d6 3. g3 Nf6 4. Bg2 e5 5. d3 Be7 6. Nf3 O-O 7. O-O Nc6 8. Nh4
Bg4 9. f3 Be6 10. Qe1 Nd4 11. Qf2 Nh5 12. Nf5 Bxf5 13. exf5 Nf6 14. g4 h6 15.
Ne4 Nxe4 16. fxe4 Bh4 17. Qd2 Rc8 18. c3 Nc6 19. Qe2 b5 20. Qf3 b4 21. f6 g5
22. Be3 a5 23. Bf2 bxc3 24. bxc3 Bxf2+ 25. Qxf2 Kh8 26. h4 Rg8 27. Qg3 Rg6 28.
hxg5 Rxg5 29. Qh4 Kh7 30. Rf3 Qg8 31. Rg3 Qg6 32. Rf1 Rg8 33. Bh3 Nd8 34. Rf5
Ne6 35. Kh2 Nf4 36. c4 Ne2 37. Rg2 Nd4 38. Rb2 Nxf5 39. exf5 Qxf6 40. Rb5 e4
41. dxe4 Qd4 0-1

[Event "Gibtelecom ChallWk2 3rd"]
[Site "Gibraltar"]
[Date "2005.02.03"]
[Round "5.7"]
[White "O'Rourke, William"]
[Black "Hewitt, Sean D"]
[Result "1/2-1/2"]
[WhiteElo "1758"]
[BlackElo "1615"]
[PlyCount "21"]
[EventDate "2005.01.30"]
[EventType "swiss"]
[EventRounds "5"]
[EventCountry "GGB"]
[SourceTitle "BritBase"]
[Source "www.saund.co.uk"]
[SourceDate "2018.02.10"]
[SourceVersion "1"]
[SourceVersionDate "2018.02.10"]
[SourceQuality "1"]

1. c4 c5 2. Nc3 Nc6 3. g3 g6 4. Bg2 Bg7 5. d3 d6 6. Nf3 Nf6 7. O-O O-O 8. a3 a5
9. e3 e6 10. Re1 Re8 11. Bd2 1/2-1/2

[Event "Gibtelecom ChallWk2 3rd"]
[Site "Gibraltar"]
[Date "2005.02.03"]
[Round "5.8"]
[White "Mihajlova, Diana"]
[Black "Garcia Lechugo, Francisco"]
[Result "0-1"]
[WhiteElo "1217"]
[BlackElo "1712"]
[PlyCount "40"]
[EventDate "2005.01.30"]
[EventType "swiss"]
[EventRounds "5"]
[EventCountry "GGB"]
[SourceTitle "BritBase"]
[Source "www.saund.co.uk"]
[SourceDate "2018.02.10"]
[SourceVersion "1"]
[SourceVersionDate "2018.02.10"]
[SourceQuality "1"]

1. e4 e5 2. Nc3 f5 3. Nf3 Nf6 4. Bc4 fxe4 5. Nxe5 d5 6. Nxd5 Bc5 7. O-O Be6 8.
Nxf6+ Qxf6 9. Qh5+ g6 10. Nxg6 hxg6 11. Qxc5 Qf4 12. g3 Qf6 13. Bxe6 Qxe6 14.
Qb5+ Nc6 15. Qxb7 Rb8 16. Qxc7 Rc8 17. Qg7 Qh3 18. Re1 Qxh2+ 19. Kf1 Qh1+ 20.
Ke2 Qf3+ 0-1

[Event "Gibtelecom ChallWk2 3rd"]
[Site "Gibraltar"]
[Date "2005.02.03"]
[Round "5.9"]
[White "Hurn, Robert"]
[Black "Beadle, John R"]
[Result "1/2-1/2"]
[WhiteElo "1682"]
[BlackElo "1442"]
[PlyCount "35"]
[EventDate "2005.01.30"]
[EventType "swiss"]
[EventRounds "5"]
[EventCountry "GGB"]
[SourceTitle "BritBase"]
[Source "www.saund.co.uk"]
[SourceDate "2018.02.10"]
[SourceVersion "1"]
[SourceVersionDate "2018.02.10"]
[SourceQuality "1"]

1. e4 c5 2. Nf3 Nc6 3. Bb5 e6 4. O-O Be7 5. Bxc6 bxc6 6. d3 Nf6 7. Nbd2 O-O 8.
b3 d5 9. Re1 Qc7 10. Bb2 Nd7 11. c4 d4 12. Nf1 e5 13. Ng3 Nf6 14. h3 g6 15. Bc1
Ne8 16. Bh6 Ng7 17. Qd2 Be6 18. Nh2 1/2-1/2